000 00434nam a22001817a 4500
003 OSt
005 20180116183027.0
008 151214b xxu||||| |||| 00| 0 eng d
020 _a0
040 _c0
082 _a813.54 GAR 1984
100 _aJohn Gardner's
245 _aRole of Honour
_cJames Bond is Back in
260 _aLondon
_bCoronet Book
_c1984
300 _a222 p.
_bPB
440 _aRole of Honour
942 _2ddc
_cBK
999 _c350824
_d350824